|
|
|
|
| LEADER |
00000nam0a2200000 4500 |
| 001 |
143341 |
| 005 |
20231031143210.0 |
| 010 |
|
|
|a 9780750677387
|
| 035 |
|
|
|a (RuTPU)RU\TPU\book\155338
|
| 090 |
|
|
|a 143341
|
| 100 |
|
|
|a 20080918d2007 k y0engy50 ba
|
| 101 |
0 |
|
|a eng
|
| 102 |
|
|
|a US
|
| 105 |
|
|
|a a z 001zy
|
| 200 |
1 |
|
|a Reservoir Formation Damage. Fundamentals, Modeling, Assessment, and Mitigation
|f F. Civan
|
| 205 |
|
|
|a Second Edition
|
| 210 |
|
|
|a New York
|c Elsevier Ltd
|d 2007
|
| 215 |
|
|
|a 1114 p.
|c il.
|
| 320 |
|
|
|a References: p. 1028-1089.
|
| 320 |
|
|
|a Index: p. 1091-1114.
|
| 610 |
1 |
|
|a горное дело
|
| 610 |
1 |
|
|a бурение
|
| 610 |
1 |
|
|a скважины
|
| 610 |
1 |
|
|a коллекторы
|
| 610 |
1 |
|
|a пласты
|
| 610 |
1 |
|
|a осложнения
|
| 610 |
1 |
|
|a расчеты
|
| 610 |
1 |
|
|a моделирование
|
| 610 |
1 |
|
|a свойства
|
| 610 |
1 |
|
|a английский язык
|
| 675 |
|
|
|a 622.248.3
|v 3
|
| 700 |
|
1 |
|a Civan
|b F.
|g Faruk
|
| 801 |
|
1 |
|a RU
|b 63413507
|c 20080918
|g PSBO
|
| 801 |
|
2 |
|a RU
|b 63413507
|c 20100914
|g PSBO
|
| 942 |
|
|
|c BK
|